Kids' Crafternoon Papercraft (Record no. 586288)
[ view plain ]
| 000 -LEADER | |
|---|---|
| fixed length control field | 00336nam a22001217a 4500 |
| 020 ## - INTERNATIONAL STANDARD BOOK NUMBER | |
| International Standard Book Number | 9781742700410 |
| 040 ## - CATALOGING SOURCE | |
| Transcribing agency | NUST |
| 082 ## - DEWEY DECIMAL CLASSIFICATION NUMBER | |
| Classification number | 745.54 |
| Author Mark | KID |
| 100 ## - MAIN ENTRY--PERSONAL NAME | |
| Personal name | Ricketson, Kathreen |
| 9 (RLIN) | 81925 |
| 245 ## - TITLE STATEMENT | |
| Title | Kids' Crafternoon Papercraft |
| Remainder of title | 25 Projects for a Crafty Afternoon |
| 260 ## - PUBLICATION, DISTRIBUTION, ETC. | |
| Place of publication, distribution, etc. | London: |
| Name of publisher, distributor, etc. | Hardie Grant Books, |
| Date of publication, distribution, etc. | 2011. |
| 942 ## - ADDED ENTRY ELEMENTS (KOHA) | |
| Source of classification or shelving scheme | |
| Koha item type | Book |
| Withdrawn status | Lost status | Source of classification or shelving scheme | Damaged status | Not for loan | Permanent Location | Current Location | Shelving location | Date acquired | Total Checkouts | Full call number | Barcode | Date last seen | Price effective from | Koha item type |
|---|---|---|---|---|---|---|---|---|---|---|---|---|---|---|
| College of Electrical & Mechanical Engineering (CEME) | College of Electrical & Mechanical Engineering (CEME) | General Stacks | 08/30/2021 | 745.54 KID | CEME-50318 | 08/30/2021 | 08/30/2021 | Book |
